| 000 | 01662nam a2200325Ia 4500 | ||
|---|---|---|---|
| 003 | CO-CtgCURN | ||
| 005 | 20250329173539.0 | ||
| 008 | 201020s9999 xx 000 0 und d | ||
| 020 | _a9789587833249 | ||
| 040 |
_aCO-CtgCURN _bspa _ccoctgcurn |
||
| 082 |
_a303.64 _bM516d |
||
| 100 |
_aMejía Quintana, Oscar _eautor _95220 |
||
| 245 | 0 |
_aDel diálogo a la refrendación : _bperspectiva en torno al conflicto y el posacuerdo en Colombia _h[electronic resource] / _cOscar Mejía Quintana ; ed., Luis Alberto Hernández Rivero ; Ivonne Patricia León |
|
| 260 |
_aBogotá, Colombia : _bUniversida Nacional de Colombia, _c2017 |
||
| 300 | _arecurso en línea (170 páginas) : | ||
| 336 |
_atexto _btxt |
||
| 337 |
_acomputador _bc |
||
| 338 |
_arecurso en línea _bcr |
||
| 490 | _aColección Gerardo Molina | ||
| 504 | _aIncluye referencias bibliográficas | ||
| 505 | _aConversaciones de paz en la Habana. Nada se ha negociado -- Lecciones de filosofía política para la paz -- Posconflicto, teoría jurídica y diálogos de paz -- Jovenes en Colombia: de la guerra al posacuerdo -- Medios de comunicación en Colombia -- Diálogos de paz en Colombia | ||
| 590 | _aTodos los programas académicos | ||
| 650 |
_aAcuerdo de paz _95221 |
||
| 650 |
_aJusticia transicional _95222 |
||
| 700 |
_a León, Ivonne Patricia _eautora _95223 |
||
| 700 |
_aHernández Rivero, Luis Humberto _eautor _95224 |
||
| 856 |
_uhttps://unicurn.sharepoint.com/:b:/s/biblioteca/EXCt8bScou5Iq-7xZfBaEfwBdFDrBktvwoxo3JobtRSgiA?e=2fM9J9 _zVea este libro electrónico |
||
| 942 |
_cCF _h303.64 _iM516d _2ddc |
||
| 999 |
_c7924 _d7924 |
||